000 00446nam a2200169Ia 4500
008 210210b1997 xxu||||| |||| 00| 0 eng d
020 _a81 203 1077 2
082 _a658.8 KOTP
100 _aKOTLER (Philip).
245 _aPrinciples of marketing. Ed 7.
250 _a
260 _aN D
_bPrentice-Hall of India Private Limited
_c1997
300 _axvii,712,I-22
650 _aMarketing
690 _aMarketing Management
906 _a052346
999 _c100746
_d100746